=LDR 00000nam 2200000 4500 =001 NUTBA000000000005609 =005 20141104134855.0 =006 =007 =008 =035 ##$$a 0010-111400000000088 =040 ##$$a NBPDMAT =082 ##$$a 500 =090 ##$$a 500 Ini i =245 ##$$a Inilah sains dan Teknologi di sekelilimgku$cTim Armanbdelta; editor Eko Praptanto =250 ##$$a Cet. 1 =260 ##$$a Jakarta$bArman Delta$c2008 =300 ##$$a 199 hlm$bilus$c25 cm =650 ##$$a Sains =700 ##$$a Tun Armandilta$b Eko Praptanto =850 ##$$a NBPDMAT